[Event "XtraCon-Skakligaen"]
[Site "Denmark"]
[Date "2010.02.21"]
[Round "7.8"]
[White "Rewitz, Poul"]
[Black "Rathlev, Jakob"]
[Result "0-1"]
[WhiteElo "2298"]
[BlackElo "2237"]
[PlyCount "78"]
[EventDate "2009.11.07"]
[EventType "team-tourn"]
[EventRounds "9"]
[WhiteTeam "Aarhus/skolerne"]
[BlackTeam "Jetsmark"]
[WhiteTeamCountry "DEN"]
[BlackTeamCountry "DEN"]

1. d4 e6 2. Nf3 f5 3. Bg5 Be7 4. Bxe7 Qxe7 5. e3 Nf6 6. Bd3 b6 7. O-O Bb7 8.
Nfd2 O-O 9. c4 d6 10. Nc3 Nbd7 11. Qc2 g6 12. b4 c5 13. bxc5 bxc5 14. Rab1 Rab8
15. Qa4 a6 16. Rfe1 Ng4 17. f3 Nxe3 18. d5 f4 19. Nf1 Ne5 20. Be4 N5xc4 21.
dxe6 Bxe4 22. Nxe4 Qxe6 23. Qxa6 Ra8 24. Qb7 h6 25. Qb3 Ra3 26. Qb7 Rxa2 27.
Kh1 Rf7 28. Qc6 Re7 29. Rb8+ Kg7 30. g4 Ne5 31. Qxd6 Qxd6 32. Nxd6 Nxf3 33.
Ne8+ Rxe8 34. Rxe8 Nxe1 35. Nxe3 fxe3 36. Rxe3 Ra1 37. Rc3 Kf6 38. Kg1 Nd3+ 39.
Kg2 Nf4+ 0-1

[Event "XtraCon-Skakligaen"]
[Site "Denmark"]
[Date "2010.03.13"]
[Round "8.1"]
[White "Hector, Jonny"]
[Black "Rasmussen, Allan Stig"]
[Result "1-0"]
[WhiteElo "2572"]
[BlackElo "2534"]
[PlyCount "75"]
[EventDate "2009.11.07"]
[EventType "team-tourn"]
[EventRounds "9"]
[WhiteTeam "Nordkalotten"]
[BlackTeam "Jetsmark"]
[WhiteTeamCountry "DEN"]
[BlackTeamCountry "DEN"]

1. e4 c6 2. d4 d5 3. Nd2 dxe4 4. Nxe4 Nd7 5. Ng5 Ngf6 6. Bc4 e6 7. Qe2 Nb6 8.
Bd3 h6 9. N5f3 c5 10. Be3 Qc7 11. Ne5 a6 12. Ngf3 Nbd5 13. O-O Bd6 14. Nc4 Be7
15. dxc5 Bxc5 16. Bxc5 Qxc5 17. Qe5 O-O 18. Nd6 Qc7 19. c4 Nb4 20. Rad1 Rd8 21.
Bb1 Nc6 22. Qf4 Nh5 23. Qd2 e5 24. c5 Bg4 25. Qe3 Nf6 26. a3 Rd7 27. b4 Rad8
28. Rfe1 b6 29. Rc1 bxc5 30. bxc5 Re7 31. Nh4 Nd4 32. h3 Bd7 33. Ba2 Kf8 34.
Nxf7 Rxf7 35. Ng6+ Kg8 36. Bxf7+ Kh7 37. Qxe5 Qxe5 38. Nxe5 1-0

[Event "XtraCon-Skakligaen"]
[Site "Denmark"]
[Date "2010.03.13"]
[Round "8.3"]
[White "Ahlander, Bjorn"]
[Black "Pedersen, Christian Kyndel"]
[Result "1/2-1/2"]
[WhiteElo "2419"]
[BlackElo "2452"]
[PlyCount "114"]
[EventDate "2009.11.07"]
[EventType "team-tourn"]
[EventRounds "9"]
[WhiteTeam "Nordkalotten"]
[BlackTeam "Jetsmark"]
[WhiteTeamCountry "DEN"]
[BlackTeamCountry "DEN"]

1. d4 Nf6 2. c4 e6 3. Nc3 Bb4 4. e3 c5 5. Nf3 O-O 6. Bd3 d5 7. O-O dxc4 8. Bxc4
cxd4 9. exd4 b6 10. Bg5 Bb7 11. Qe2 Bxc3 12. bxc3 Nbd7 13. Rac1 Qc7 14. Bd3 Ng4
15. Be4 Bxe4 16. Qxe4 Ngf6 17. Qe2 Rac8 18. c4 Rfe8 19. Rfe1 Qc6 20. h3 a6 21.
Bxf6 Nxf6 22. Ne5 Qd6 23. Red1 Red8 24. Qf3 Qc7 25. a4 h6 26. Rb1 Qd6 27. Qb7
Nd7 28. Nxd7 Qxd7 29. Qxa6 Ra8 30. Qxb6 Qxa4 31. Qb3 Qxb3 32. Rxb3 e5 33. d5
Rac8 34. Rc3 Rc5 35. Kf1 Rdc8 36. Rdc1 Kf8 37. Ke2 Ke7 38. Kd3 Rb8 39. R1c2 Rb1
40. Ra2 Rd1+ 41. Rd2 e4+ 42. Ke3 Rxd2 43. Kxd2 Kd6 44. f4 exf3 45. gxf3 Ra5 46.
Ke3 Kc5 47. Kf4 Ra1 48. Rc2 Rd1 49. h4 Rd4+ 50. Kg3 h5 51. Rc1 g6 52. Rc2 f6
53. Rc1 Rd2 54. Kf4 Rd4+ 55. Kg3 Rd2 56. Rc3 Kd4 57. Rc1 Kc5 1/2-1/2

[Event "XtraCon-Skakligaen"]
[Site "Denmark"]
[Date "2010.03.13"]
[Round "8.4"]
[White "Baekgaard, Martin"]
[Black "Hove, Esben Kjems"]
[Result "1-0"]
[WhiteElo "2287"]
[BlackElo "2269"]
[PlyCount "67"]
[EventDate "2009.11.07"]
[EventType "team-tourn"]
[EventRounds "9"]
[WhiteTeam "Jetsmark"]
[BlackTeam "Nordkalotten"]
[WhiteTeamCountry "DEN"]
[BlackTeamCountry "DEN"]

1. d4 d5 2. c4 c6 3. Nf3 Nf6 4. Nc3 dxc4 5. a4 Bf5 6. e3 e6 7. Bxc4 Bb4 8. O-O
Nbd7 9. Qb3 a5 10. h3 Nb6 11. Be2 h6 12. Rd1 O-O 13. Ne5 Bd6 14. Bf3 Bh7 15. e4
Bb4 16. Ng4 Nxg4 17. hxg4 Qe7 18. Na2 Rfd8 19. Be3 Nd7 20. Rac1 e5 21. Nxb4
Qxb4 22. Qxb4 axb4 23. b3 Nf6 24. dxe5 Nxe4 25. Rxd8+ Rxd8 26. Rc4 Nc3 27. Rxb4
b5 28. axb5 cxb5 29. Bd4 Na2 30. Rxb5 Bd3 31. Rd5 Rb8 32. Ba7 Rxb3 33. Rd8+ Kh7
34. Rxd3 1-0

[Event "XtraCon-Skakligaen"]
[Site "Denmark"]
[Date "2010.03.13"]
[Round "8.5"]
[White "Kristensen, Kaare Hove"]
[Black "Christensen, Stefan"]
[Result "1/2-1/2"]
[WhiteElo "2258"]
[BlackElo "2228"]
[PlyCount "64"]
[EventDate "2009.11.07"]
[EventType "team-tourn"]
[EventRounds "9"]
[WhiteTeam "Nordkalotten"]
[BlackTeam "Jetsmark"]
[WhiteTeamCountry "DEN"]
[BlackTeamCountry "DEN"]

1. e4 e6 2. d4 d5 3. Nc3 dxe4 4. Nxe4 Nd7 5. Nf3 Ngf6 6. Bg5 h6 7. Nxf6+ Nxf6
8. Bd2 c5 9. Bb5+ Bd7 10. Qe2 Bxb5 11. Qxb5+ Qd7 12. Qxd7+ Nxd7 13. O-O Be7 14.
c4 O-O 15. Rfd1 Bf6 16. Be3 Rfc8 17. Rac1 cxd4 18. Bxd4 Rc7 19. b3 Rac8 20.
Bxf6 Nxf6 21. Rd4 b5 22. Ne5 Nd5 23. Rcd1 Nc3 24. Rd8+ Rxd8 25. Rxd8+ Kh7 26.
h4 f6 27. Nd7 Kg6 28. cxb5 Nxa2 29. b6 axb6 30. Nxb6 Rc3 31. Rd6 e5 32. Nc4 Rd3
1/2-1/2

[Event "XtraCon-Skakligaen"]
[Site "Denmark"]
[Date "2010.03.13"]
[Round "8.6"]
[White "Wiwe, Andreas"]
[Black "Nielsen, Lars Aaes"]
[Result "0-1"]
[WhiteElo "2239"]
[BlackElo "2248"]
[PlyCount "100"]
[EventDate "2009.11.07"]
[EventType "team-tourn"]
[EventRounds "9"]
[WhiteTeam "Jetsmark"]
[BlackTeam "Nordkalotten"]
[WhiteTeamCountry "DEN"]
[BlackTeamCountry "DEN"]

1. e4 e6 2. d4 d5 3. Nc3 Nf6 4. e5 Nfd7 5. f4 c5 6. Nf3 Nc6 7. Be3 a6 8. Qd2 b5
9. a3 g5 10. fxg5 cxd4 11. Nxd4 Ncxe5 12. Be2 Bb7 13. O-O Bg7 14. a4 b4 15. Na2
a5 16. c3 bxc3 17. Nxc3 O-O 18. Ndb5 Qe7 19. Rae1 Rac8 20. Bd4 Qb4 21. Rf4 Ng6
22. Rg4 Bxd4+ 23. Rxd4 Qc5 24. Kh1 e5 25. Rxd5 Bxd5 26. Nxd5 Qc2 27. Qe3 Qc5
28. Qb3 Qf2 29. Qd1 Rc2 30. Bf3 Rd2 31. Qc1 Rc2 32. Qd1 Qd2 33. Qxd2 Rxd2 34.
b4 e4 35. Bxe4 Re8 36. Nbc3 axb4 37. Nxb4 Nc5 38. Nbd5 Kg7 39. Nf6 Re5 40. h3
Rxg5 41. Rf1 Re5 42. Bb1 Nh4 43. Nfe4 Nxe4 44. Bxe4 f5 45. Bb7 Re7 46. Ba8 Ra7
47. Bf3 Rd3 48. Nb5 Rxa4 49. Nc7 Nxf3 50. gxf3 Rd2 0-1

[Event "XtraCon-Skakligaen"]
[Site "Denmark"]
[Date "2010.03.13"]
[Round "8.7"]
[White "Jakobsen, Peter"]
[Black "Jensen, Bjarke"]
[Result "1/2-1/2"]
[WhiteElo "2225"]
[BlackElo "2253"]
[PlyCount "63"]
[EventDate "2009.11.07"]
[EventType "team-tourn"]
[EventRounds "9"]
[WhiteTeam "Nordkalotten"]
[BlackTeam "Jetsmark"]
[WhiteTeamCountry "DEN"]
[BlackTeamCountry "DEN"]

1. d4 d5 2. c4 dxc4 3. Nf3 Nf6 4. e3 e6 5. Bxc4 c5 6. O-O a6 7. a4 Nc6 8. Qe2
Qc7 9. Nc3 Bd6 10. Bd2 O-O 11. Rac1 cxd4 12. exd4 e5 13. dxe5 Nxe5 14. Nd5
Nxf3+ 15. Qxf3 Nxd5 16. Bxd5 Bxh2+ 17. Kh1 Qd6 18. Be3 Be5 19. Rfd1 Qg6 20. Be4
f5 21. Bd5+ Kh8 22. Bf4 Bxf4 23. Qxf4 Be6 24. Bf3 Rad8 25. Kg1 Rxd1+ 26. Rxd1
Qf7 27. a5 h6 28. Qb4 Bc8 29. Bd5 Qf6 30. Bxb7 Bxb7 31. Qxb7 f4 32. b4 1/2-1/2

[Event "XtraCon-Skakligaen"]
[Site "Denmark"]
[Date "2010.03.13"]
[Round "8.8"]
[White "Rathlev, Jakob"]
[Black "Ejsing, Esben"]
[Result "1-0"]
[WhiteElo "2237"]
[BlackElo "2141"]
[PlyCount "67"]
[EventDate "2009.11.07"]
[EventType "team-tourn"]
[EventRounds "9"]
[WhiteTeam "Jetsmark"]
[BlackTeam "Nordkalotten"]
[WhiteTeamCountry "DEN"]
[BlackTeamCountry "DEN"]

1. c4 d6 2. g3 e5 3. Bg2 f5 4. Nc3 Nf6 5. d3 Be7 6. e4 Nc6 7. Nge2 O-O 8. O-O
Qe8 9. Nd5 Bd8 10. a3 Ne7 11. Nxe7+ Qxe7 12. exf5 c6 13. d4 Bxf5 14. dxe5 dxe5
15. Qb3 Kh8 16. Bg5 h6 17. Bd2 Qf7 18. Bb4 Re8 19. Rac1 Bb6 20. Qc3 a5 21. Bd6
Ne4 22. Bxe4 Bxe4 23. c5 Bd8 24. f3 Bd5 25. Bxe5 Bf6 26. f4 Qh5 27. Rce1 Bxe5
28. fxe5 g5 29. Qe3 Rf8 30. Nc3 Rxf1+ 31. Rxf1 Bc4 32. Rf2 Rc8 33. e6 Qg6 34.
e7 1-0

[Event "XtraCon-Skakligaen"]
[Site "Denmark"]
[Date "2010.03.13"]
[Round "8.1"]
[White "Antonsen, Mikkel"]
[Black "Matthiesen, Arne"]
[Result "1-0"]
[WhiteElo "2439"]
[BlackElo "2322"]
[PlyCount "79"]
[EventDate "2009.11.07"]
[EventType "team-tourn"]
[EventRounds "9"]
[WhiteTeam "Naestved"]
[BlackTeam "SK1968"]
[WhiteTeamCountry "DEN"]
[BlackTeamCountry "DEN"]

1. d4 d6 2. Nf3 g6 3. e4 Bg7 4. c3 Nf6 5. Bd3 O-O 6. O-O Nc6 7. Na3 e5 8. Nc2
Nh5 9. Re1 h6 10. h3 Nf4 11. Bf1 Qf6 12. b4 a6 13. Bb2 g5 14. Ne3 exd4 15. Nxd4
Nxd4 16. cxd4 Qg6 17. f3 c6 18. Kh2 Qf6 19. Nc4 Qd8 20. Qd2 d5 21. Ne3 dxe4 22.
fxe4 f5 23. g3 Ng6 24. exf5 Bxf5 25. Nxf5 Rxf5 26. Bd3 Rf6 27. d5 Rd6 28. Bxg6
Rxg6 29. Bxg7 Kxg7 30. Re5 Qd6 31. Rae1 Rf8 32. Re7+ Rf7 33. Qd4+ Qf6 34. Rxf7+
Kxf7 35. Qb6 Qb2+ 36. Kh1 Rf6 37. Qd8 Qf2 38. Re7+ Kg6 39. Qe8+ Rf7 40. Qg8+
1-0

[Event "XtraCon-Skakligaen"]
[Site "Denmark"]
[Date "2010.03.13"]
[Round "8.2"]
[White "Matthiesen, Martin"]
[Black "Jorgensen, Brian Jorgen"]
[Result "0-1"]
[WhiteElo "2295"]
[BlackElo "2267"]
[PlyCount "156"]
[EventDate "2009.11.07"]
[EventType "team-tourn"]
[EventRounds "9"]
[WhiteTeam "SK1968"]
[BlackTeam "Naestved"]
[WhiteTeamCountry "DEN"]
[BlackTeamCountry "DEN"]

1. d4 f5 2. Nf3 Nf6 3. g3 e6 4. Bg2 d5 5. O-O Bd6 6. c4 c6 7. Nc3 O-O 8. Qc2
Ne4 9. Rb1 Nd7 10. b4 Nxc3 11. Qxc3 b5 12. c5 Bc7 13. Bf4 Bxf4 14. gxf4 a5 15.
a3 Nf6 16. Ne5 Bd7 17. Ra1 a4 18. Kh1 Ra7 19. Rg1 Kh8 20. e3 Be8 21. Qc2 Ng4
22. Nf3 Rf6 23. Bh3 Rh6 24. Rg3 Nf6 25. Bf1 Ne4 26. Rg2 Bh5 27. Ne5 Qh4 28. f3
Nf6 29. Qf2 Qxf2 30. Rxf2 Be8 31. Bd3 Ng8 32. e4 Rh4 33. exf5 exf5 34. Bxf5
Rxf4 35. Bd3 Rxd4 36. Re1 Ne7 37. Rfe2 Kg8 38. Bc2 Kf8 39. Kg2 h6 40. Kg3 Bh5
41. h4 Rc7 42. Bd3 g6 43. Re3 Nf5+ 44. Bxf5 gxf5 45. Kh3 Be8 46. Nd3 Bd7 47.
Ne5 Bc8 48. R3e2 f4+ 49. Kh2 Bf5 50. h5 Kg7 51. Ng6 Kf6 52. Ne7 Rd3 53. Nxf5
Kxf5 54. Re5+ Kf6 55. Kh3 Rxf3+ 56. Kg4 Re3 57. Kxf4 Rxe1 58. Rxe1 Re7 59. Rg1
Re4+ 60. Kf3 Rh4 61. Rg6+ Ke5 62. Rxh6 Rh3+ 63. Kg4 Rxa3 64. Rxc6 Rb3 65. Kg5
Rg3+ 66. Kh4 Rg8 67. h6 d4 68. Kh5 d3 69. Rd6 Ke4 70. c6 a3 71. c7 a2 72. Rd8
a1=Q 73. Rxg8 Qe5+ 74. Kg6 Qg3+ 75. Kh7 Qxc7+ 76. Rg7 Qc8 77. Rg1 d2 78. Kg7
d1=Q 0-1

[Event "XtraCon-Skakligaen"]
[Site "Denmark"]
[Date "2010.03.13"]
[Round "8.4"]
[White "Hansen, Lars"]
[Black "Hansen, Evgenia Peicheva"]
[Result "1-0"]
[WhiteElo "2209"]
[BlackElo "2164"]
[PlyCount "117"]
[EventDate "2009.11.07"]
[EventType "team-tourn"]
[EventRounds "9"]
[WhiteTeam "SK1968"]
[BlackTeam "Naestved"]
[WhiteTeamCountry "DEN"]
[BlackTeamCountry "DEN"]

1. e4 d6 2. Nc3 Nf6 3. f4 c5 4. Nf3 Nc6 5. Bb5 Bg4 6. O-O e6 7. h3 Bxf3 8. Qxf3
Nd7 9. Bxc6 bxc6 10. e5 d5 11. d3 Be7 12. Bd2 O-O 13. Rae1 Qb6 14. Na4 Qc7 15.
b3 Rae8 16. Qg4 Kh8 17. Bc3 g6 18. Bb2 Rg8 19. c4 Bf8 20. h4 Qd8 21. g3 Qe7 22.
Kg2 d4 23. Qf3 Rc8 24. Ba3 Qd8 25. Rh1 Qa5 26. h5 Nb6 27. hxg6 Rxg6 28. Bc1
Nxa4 29. f5 exf5 30. bxa4 Qxa4 31. Re2 Qa6 32. Qxf5 Qb7 33. e6 Re8 34. Bg5 Kg7
35. e7 Rxe7 36. Bxe7 Bxe7 37. Qh5 h6 38. Qe5+ Bf6 39. Qf4 Qd7 40. Rf1 h5 41.
Re4 Qb7 42. Qf5 Qb2+ 43. Qf2 Qb7 44. Rf4 Qe7 45. Re4 Qc7 46. Qf4 Qb7 47. Rf2
Qd7 48. Qf5 Qd6 49. Ref4 h4 50. g4 Qe7 51. Qe4 Qc7 52. Qf3 Qd6 53. Kh3 Qe6 54.
Rf5 Qd6 55. Qf4 Qe6 56. Kh2 Qe3 57. Rxf6 Qg3+ 58. Kh1 Qxf4 59. R6xf4 1-0

[Event "XtraCon-Skakligaen"]
[Site "Denmark"]
[Date "2010.03.13"]
[Round "8.5"]
[White "Schyberg, Brian"]
[Black "Hansen, Bjarne"]
[Result "0-1"]
[WhiteElo "2126"]
[BlackElo "2248"]
[PlyCount "64"]
[EventDate "2009.11.07"]
[EventType "team-tourn"]
[EventRounds "9"]
[WhiteTeam "Naestved"]
[BlackTeam "SK1968"]
[WhiteTeamCountry "DEN"]
[BlackTeamCountry "DEN"]

1. c4 Nf6 2. g3 c5 3. Bg2 d5 4. Nf3 Nc6 5. O-O d4 6. d3 e5 7. b4 cxb4 8. a3 a5
9. axb4 Bxb4 10. Ba3 Bd7 11. Nbd2 Qe7 12. Qc1 O-O 13. Ne1 Bg4 14. f3 Be6 15.
Nc2 Nd7 16. Qb2 Ra6 17. Nb3 Rfa8 18. Nxa5 Bxa3 19. Nxc6 bxc6 20. Nxa3 Rxa3 21.
Rxa3 Qxa3 22. Qxa3 Rxa3 23. f4 exf4 24. gxf4 Nc5 25. Bxc6 Bg4 26. Rb1 g6 27.
Kf1 Ra2 28. Rb8+ Kg7 29. Re8 Ne6 30. f5 Bxe2+ 31. Ke1 gxf5 32. Bd5 Nf4 0-1

[Event "XtraCon-Skakligaen"]
[Site "Denmark"]
[Date "2010.03.13"]
[Round "8.6"]
[White "Nielsen, Soren Holst"]
[Black "Hansen, Martin"]
[Result "1/2-1/2"]
[WhiteElo "2214"]
[BlackElo "2082"]
[PlyCount "87"]
[EventDate "2009.11.07"]
[EventType "team-tourn"]
[EventRounds "9"]
[WhiteTeam "SK1968"]
[BlackTeam "Naestved"]
[WhiteTeamCountry "DEN"]
[BlackTeamCountry "DEN"]

1. e4 e5 2. Nc3 Nc6 3. g3 Nf6 4. Bg2 Bc5 5. d3 d6 6. Na4 h6 7. Nxc5 dxc5 8. Ne2
Be6 9. f4 Bg4 10. h3 Bxe2 11. Qxe2 Qd6 12. O-O O-O-O 13. Be3 Nd7 14. Qf2 f6 15.
a3 Nd4 16. b4 cxb4 17. axb4 Qxb4 18. Rxa7 Nb8 19. Rfa1 Rhe8 20. R7a4 Qc3 21.
R4a3 Qc6 22. h4 Nxc2 23. Rc1 Nxa3 24. Bh3+ Rd7 25. Rxc6 bxc6 26. Qa2 Nb5 27.
Qf7 Red8 28. Qxg7 Kb7 29. Bxd7 Rxd7 30. Qxf6 Rxd3 31. Kf2 Nc3 32. Qxe5 Nd7 33.
Qa5 Nxe4+ 34. Ke2 Rb3 35. Qa7+ Kc8 36. Qa6+ Kd8 37. Qxc6 Nxg3+ 38. Kf2 Nf5 39.
Bc5 Nxc5 40. Qxc5 Nd6 41. Qe5 Rb6 42. Kf3 Ne8 43. f5 Rd6 44. Kf4 1/2-1/2

[Event "XtraCon-Skakligaen"]
[Site "Denmark"]
[Date "2010.03.13"]
[Round "8.7"]
[White "Pedersen, Dimon Paul"]
[Black "Zaksaite, Salomeja"]
[Result "0-1"]
[WhiteElo "2085"]
[BlackElo "2201"]
[PlyCount "56"]
[EventDate "2009.11.07"]
[EventType "team-tourn"]
[EventRounds "9"]
[WhiteTeam "Naestved"]
[BlackTeam "SK1968"]
[WhiteTeamCountry "DEN"]
[BlackTeamCountry "DEN"]

1. c4 Nf6 2. g3 g6 3. Bg2 d5 4. cxd5 Nxd5 5. Nc3 Nb6 6. Nf3 Bg7 7. O-O Nc6 8.
d3 O-O 9. Bf4 h6 10. Qd2 Kh7 11. Rac1 e5 12. Be3 Nd4 13. Ne4 Nd5 14. b4 c6 15.
Rc4 f5 16. Nc5 b5 17. Rcc1 Nxf3+ 18. Bxf3 f4 19. Bxf4 exf4 20. Nb3 Bh3 21. Rfe1
Qg5 22. Rxc6 fxg3 23. Qxg5 gxf2+ 24. Kxf2 hxg5 25. Kg3 Nf4 26. Rc5 Rae8 27.
Rxb5 Be5 28. Kf2 g4 0-1

[Event "XtraCon-Skakligaen"]
[Site "Denmark"]
[Date "2010.03.13"]
[Round "8.8"]
[White "Riis, Jens"]
[Black "Preuss, Flemming"]
[Result "1-0"]
[WhiteElo "2152"]
[BlackElo "2056"]
[PlyCount "125"]
[EventDate "2009.11.07"]
[EventType "team-tourn"]
[EventRounds "9"]
[WhiteTeam "SK1968"]
[BlackTeam "Naestved"]
[WhiteTeamCountry "DEN"]
[BlackTeamCountry "DEN"]

1. d4 f5 2. Nf3 Nf6 3. Bf4 d6 4. h3 g6 5. e3 Bg7 6. Bc4 e6 7. Nbd2 O-O 8. Qe2
Qe7 9. O-O-O Nc6 10. g4 Kh8 11. gxf5 exf5 12. Bg5 Bd7 13. h4 Be8 14. Rdg1 Na5
15. h5 gxh5 16. Bd3 Bg6 17. Nh4 Qe6 18. Kb1 Rae8 19. Qf3 Ne4 20. Qe2 d5 21.
Nhf3 Nc6 22. c3 Qf7 23. Bf4 Rg8 24. Rg2 Bf6 25. Rhg1 a6 26. Ng5 Nxg5 27. Bxg5
Ne7 28. Qf3 Bxg5 29. Rxg5 Ref8 30. Qf4 c6 31. Qc7 b5 32. Qf4 a5 33. Be2 b4 34.
cxb4 axb4 35. Nf3 Qe6 36. Ne5 h4 37. Bd3 Rf6 38. Qxh4 c5 39. Qf4 c4 40. Bc2 c3
41. R1g3 cxb2 42. Nd3 Nc6 43. Nc5 Qf7 44. Kxb2 Na5 45. Ka1 Nc4 46. Bb3 Re8 47.
Rg1 Nd2 48. Rc1 Nxb3+ 49. Nxb3 Ra6 50. Rc7 Re7 51. Rc8+ Kg7 52. Rg1 Rea7 53.
Qe5+ Rf6 54. Rgc1 Rxa2+ 55. Kxa2 Qa7+ 56. Kb1 f4+ 57. R1c2 Qa3 58. R8c7+ Kh6
59. Qxf6 Qxb3+ 60. Kc1 Qa3+ 61. Kd2 fxe3+ 62. Ke1 exf2+ 63. Kxf2 1-0

[Event "XtraCon-Skakligaen"]
[Site "Denmark"]
[Date "2010.03.13"]
[Round "8.1"]
[White "Lund, Silas"]
[Black "Aabling Thomsen, Jakob"]
[Result "1-0"]
[WhiteElo "2411"]
[BlackElo "2312"]
[PlyCount "93"]
[EventDate "2009.11.07"]
[EventType "team-tourn"]
[EventRounds "9"]
[WhiteTeam "K41"]
[BlackTeam "Norresundby"]
[WhiteTeamCountry "DEN"]
[BlackTeamCountry "DEN"]

1. Nf3 Nc6 2. d4 d5 3. Bf4 Bg4 4. e3 Qd7 5. h3 Bxf3 6. Qxf3 f6 7. Bb5 O-O-O 8.
Nd2 Kb8 9. c4 e5 10. dxe5 Bb4 11. O-O-O fxe5 12. Bxc6 Qxc6 13. Bxe5 Nf6 14. Kb1
Bxd2 15. Bxf6 Rhf8 16. Rxd2 Rxf6 17. Qe2 Rff8 18. cxd5 Qg6+ 19. e4 Qxg2 20. Qe1
Rde8 21. Re2 Rf4 22. Rg1 Qxh3 23. Rxg7 Qd3+ 24. Ka1 a6 25. Qc1 Ka8 26. Re3 Qd4
27. Rxc7 Rfxe4 28. Rxe4 Rxe4 29. Rxh7 Qxd5 30. Rh1 Re2 31. Rd1 Qe5 32. f4 Qb5
33. a3 Rf2 34. Rd8+ Ka7 35. Qe3+ Qb6 36. Ra8+ Kxa8 37. Qxb6 Rxf4 38. Qc7 Rf1+
39. Ka2 Rh1 40. a4 Rf1 41. b4 Rf2+ 42. Kb3 Rf3+ 43. Kc4 Rf1 44. Qd8+ Ka7 45.
Qd4+ Ka8 46. b5 Rc1+ 47. Kb4 1-0

[Event "XtraCon-Skakligaen"]
[Site "Denmark"]
[Date "2010.03.13"]
[Round "8.3"]
[White "Greger, Roland Reinhard"]
[Black "Jorgensen, Jorgen"]
[Result "1-0"]
[WhiteElo "2382"]
[BlackElo "2315"]
[PlyCount "83"]
[EventDate "2009.11.07"]
[EventType "team-tourn"]
[EventRounds "9"]
[WhiteTeam "K41"]
[BlackTeam "Norresundby"]
[WhiteTeamCountry "DEN"]
[BlackTeamCountry "DEN"]

1. e4 c6 2. d4 d5 3. e5 Bf5 4. Nc3 e6 5. g4 Bg6 6. Nge2 Nd7 7. Be3 Qb6 8. Na4
Qa5+ 9. c3 b5 10. Nc5 Bxc5 11. dxc5 Nxe5 12. Nd4 Ne7 13. f4 Be4 14. Rg1 Nc4 15.
Bc1 e5 16. fxe5 Nxe5 17. Rg3 N7g6 18. Kf2 Qd8 19. Kg1 Qf6 20. g5 Qe7 21. a4
bxa4 22. Qxa4 O-O 23. Be3 Nh4 24. Be2 Qd7 25. Rf1 Nf5 26. Nxf5 Bxf5 27. Qf4 Bd3
28. Qxe5 Rfe8 29. Qxe8+ Rxe8 30. Bxd3 a5 31. Bd4 a4 32. Rg2 Qb7 33. Rgf2 Re7
34. Ra1 Qb3 35. Bc2 Qb7 36. Rxa4 Re1+ 37. Kg2 Qc8 38. Bf5 Qd8 39. h4 h6 40.
gxh6 g6 41. Bg4 f5 42. Ra7 1-0

[Event "XtraCon-Skakligaen"]
[Site "Denmark"]
[Date "2010.03.13"]
[Round "8.4"]
[White "Sorensen, Bent"]
[Black "Rasmussen, Casper Dahl"]
[Result "0-1"]
[WhiteElo "2240"]
[BlackElo "2373"]
[PlyCount "176"]
[EventDate "2009.11.07"]
[EventType "team-tourn"]
[EventRounds "9"]
[WhiteTeam "Norresundby"]
[BlackTeam "K41"]
[WhiteTeamCountry "DEN"]
[BlackTeamCountry "DEN"]

1. Nf3 Nf6 2. g3 d5 3. Bg2 e6 4. O-O Be7 5. d3 O-O 6. Nbd2 c5 7. e4 Nc6 8. Re1
Qc7 9. Nf1 dxe4 10. dxe4 Rd8 11. Bd2 b6 12. e5 Nd7 13. Qe2 Bb7 14. c3 h6 15. h4
a5 16. Bf4 Nf8 17. h5 Ba6 18. Qe3 a4 19. Rad1 Bc4 20. a3 Bb3 21. Rxd8 Rxd8 22.
N1d2 Bd5 23. Ne4 Bxe4 24. Qxe4 b5 25. Nh2 Na5 26. Ng4 Nc4 27. Bf1 Nd2 28. Bxd2
Rxd2 29. Bxb5 Rxb2 30. c4 Qa5 31. Re3 Nh7 32. Qd3 Rd2 33. Qf1 Rd4 34. Nh2 Ng5
35. f4 Ne4 36. Rd3 Qd8 37. Rxd4 Qxd4+ 38. Kg2 Qb2+ 39. Kh3 Nf2+ 40. Kg2 Ng4+
41. Kh3 Nf2+ 42. Kg2 Ne4+ 43. Kh3 Qxa3 44. Qg2 Qxg3+ 45. Qxg3 Nxg3 46. Bxa4
Nxh5 47. Kg4 g6 48. Nf1 Ng7 49. Ng3 h5+ 50. Kf3 Kh7 51. Bc2 Kh6 52. Bd3 Ne8 53.
Ne4 Kg7 54. Bf1 Nc7 55. Ke3 Na8 56. Bg2 Nb6 57. Kd3 Nd7 58. Nd2 f6 59. exf6+
Bxf6 60. Bh3 Kf7 61. Ne4 Ke7 62. Ke2 Bd4 63. Kf3 Nb6 64. Nd2 e5 65. Ke4 Kf6 66.
Nf3 Nxc4 67. fxe5+ Nxe5 68. Nxd4 cxd4 69. Kxd4 g5 70. Ke4 g4 71. Bg2 Ng6 72.
Bf1 Kg5 73. Ke3 Nh4 74. Bb5 Nf5+ 75. Kf2 Kf4 76. Bc6 h4 77. Bb7 Ng3 78. Kg2 Ne4
79. Bc6 h3+ 80. Kh2 Ng5 81. Bd7 Nf3+ 82. Kh1 Ne5 83. Bc8 Kg3 84. Bf5 Kh4 85.
Kg1 g3 86. Be4 Ng4 87. Kf1 Nf2 88. Bc6 h2 0-1

[Event "XtraCon-Skakligaen"]
[Site "Denmark"]
[Date "2010.03.13"]
[Round "8.5"]
[White "Larsen, Karsten"]
[Black "Kolbak, Jens"]
[Result "1-0"]
[WhiteElo "2319"]
[BlackElo "2344"]
[PlyCount "75"]
[EventDate "2009.11.07"]
[EventType "team-tourn"]
[EventRounds "9"]
[WhiteTeam "K41"]
[BlackTeam "Norresundby"]
[WhiteTeamCountry "DEN"]
[BlackTeamCountry "DEN"]

1. e4 c6 2. d4 d5 3. e5 Bf5 4. c4 e6 5. Nc3 Bb4 6. Qb3 Qe7 7. Nf3 Nd7 8. a3
Bxc3+ 9. bxc3 O-O-O 10. a4 f6 11. Ba3 Qf7 12. Bd6 Nh6 13. Qb4 Nb8 14. c5 Be4
15. Be2 Nf5 16. Qa5 Nxd6 17. exd6 a6 18. O-O h5 19. Nd2 Bf5 20. Ra2 Rd7 21. Rb2
Qg6 22. Re1 h4 23. Bf1 Re8 24. Re3 Qh5 25. Qb6 h3 26. g3 g5 27. Nb3 Rh8 28. Na5
Rhh7 29. Be2 Qe8 30. c4 Qd8 31. Qb4 Be4 32. f3 Bf5 33. g4 Bg6 34. Rxe6 Qg8 35.
cxd5 cxd5 36. Re3 Qd8 37. c6 Rxd6 38. Nxb7 1-0

[Event "XtraCon-Skakligaen"]
[Site "Denmark"]
[Date "2010.03.13"]
[Round "8.6"]
[White "Pedersen, Svend"]
[Black "Schmidt, Kristen"]
[Result "0-1"]
[WhiteElo "2253"]
[BlackElo "2281"]
[PlyCount "78"]
[EventDate "2009.11.07"]
[EventType "team-tourn"]
[EventRounds "9"]
[WhiteTeam "Norresundby"]
[BlackTeam "K41"]
[WhiteTeamCountry "DEN"]
[BlackTeamCountry "DEN"]

1. e4 e5 2. Nc3 Nf6 3. f4 d5 4. fxe5 Nxe4 5. Qe2 Nc6 6. Nf3 Bf5 7. d3 Nc5 8. d4
Ne6 9. Be3 a6 10. Qf2 Be7 11. g3 O-O 12. Bg2 Nb4 13. Rc1 Bxc2 14. O-O Bg6 15.
Ne1 c6 16. Qe2 a5 17. a3 Na6 18. h4 h6 19. Qg4 Kh8 20. Ne2 Nac7 21. Nf4 Bh7 22.
Rf2 Nxf4 23. Bxf4 f5 24. exf6 Bxf6 25. Nf3 Nb5 26. Be5 Nd6 27. Bxf6 Qxf6 28.
Rcf1 Ne4 29. Re2 Bf5 30. Qf4 g5 31. hxg5 hxg5 32. Nxg5 Nxg5 33. Re5 Ne6 34. Qe3
Qg6 35. Rfxf5 Rxf5 36. Rxe6 Rf6 37. Qe5 Raf8 38. Bh3 Kg8 39. Re7 Qb1+ 0-1

[Event "XtraCon-Skakligaen"]
[Site "Denmark"]
[Date "2010.03.13"]
[Round "8.7"]
[White "Naes, Flovin Tor"]
[Black "Christiansen, Jens Jorgen"]
[Result "1-0"]
[WhiteElo "2262"]
[BlackElo "2197"]
[PlyCount "81"]
[EventDate "2009.11.07"]
[EventType "team-tourn"]
[EventRounds "9"]
[WhiteTeam "K41"]
[BlackTeam "Norresundby"]
[WhiteTeamCountry "DEN"]
[BlackTeamCountry "DEN"]

1. d4 d5 2. c4 c6 3. Nf3 Nf6 4. e3 a6 5. Bd3 b5 6. cxd5 cxd5 7. O-O Bg4 8. a4
b4 9. a5 Bxf3 10. Qxf3 e6 11. Nd2 Be7 12. Nb3 Nbd7 13. Bd2 O-O 14. Rfc1 Ra7 15.
Rc6 Qa8 16. Rac1 e5 17. Qg3 e4 18. Be2 h6 19. h3 Re8 20. f4 Kh7 21. Qe1 Qb7 22.
Qf1 Rea8 23. Kh2 Ne8 24. Bh5 Nd6 25. R6c2 g6 26. Be2 Rc8 27. f5 Rxc2 28. fxg6+
fxg6 29. Rxc2 Nf5 30. g4 Qb8+ 31. Kg1 Ng7 32. Kg2 Bh4 33. Be1 Bg5 34. Bg3 Qe8
35. Qc1 Ne6 36. Rc6 Qf7 37. h4 Be7 38. Qf1 Qxf1+ 39. Bxf1 Nd8 40. Rxa6 Rxa6 41.
Bxa6 1-0